ბათუმის შოთა რუსთაველის სახელმწიფო უნივერსიტეტის ბიბლიოთეკა

Stroke Care: (ბიბ.ჩანაწერი № 61657)

000 -LEADER
fixed length control field 00689nam a22002057a 4500
005 - DATE AND TIME OF LATEST TRANSACTION
control field 20240411112441.0
008 - FIXED-LENGTH DATA ELEMENTS--GENERAL INFORMATION
fixed length control field 240411s2005 enk||||| |||| 00| 0 eng d
020 ## - INTERNATIONAL STANDARD BOOK NUMBER
International Standard Book Number 9780198529736x
041 ## - LANGUAGE CODE
Language code of text/sound track or separate title eng
080 ## - UNIVERSAL DECIMAL CLASSIFICATION NUMBER
Universal Decimal Classification number 61(075.8) H-32
100 ## - MAIN ENTRY--PERSONAL NAME
Personal name Harwood, Rowan H.
9 (RLIN) 21760
245 ## - TITLE STATEMENT
Title Stroke Care:
Remainder of title A Practical Manual /
Statement of responsibility, etc. Rowan H. Harwood, Farhad Huwez, Dawn Good.
264 ## - PRODUCTION, PUBLICATION, DISTRIBUTION, MANUFACTURE, AND COPYRIGHT NOTICE
Place of production, publication, distribution, manufacture ‎Oxford :
Name of producer, publisher, distributor, manufacturer ‎Oxford University Press,
Date of production, publication, distribution, manufacture, or copyright notice 2005.
300 ## - PHYSICAL DESCRIPTION
Extent 274 p. :
Other physical details ill. ;
Dimensions 16 cm.
653 ## - INDEX TERM--UNCONTROLLED
keyword მედიცინა
653 ## - INDEX TERM--UNCONTROLLED
keyword ინსულტი
700 ## - ADDED ENTRY--PERSONAL NAME
Personal name Huwez, Farhad
Relator term ავტორი
9 (RLIN) 21761
700 ## - ADDED ENTRY--PERSONAL NAME
Personal name Good, Dawn
Relator term ავტორი
9 (RLIN) 21762
942 ## - ADDED ENTRY ELEMENTS (KOHA)
Source of classification or shelving scheme
Koha item type წიგნი
ეგზემპლარები
Withdrawn status Lost status Source of classification or shelving scheme Damaged status Not for loan Permanent Location Current Location Shelving location Date acquired Cost, normal purchase price Full call number Barcode Date last seen Copy number Price effective from Koha item type Public note
          ბათუმის შოთა რუსთაველის სახელმწიფო უნივერსიტეტის მთავარი ბიბლიოთეკა ბათუმის შოთა რუსთაველის სახელმწიფო უნივერსიტეტის მთავარი ბიბლიოთეკა წიგნსაცავი 2024-04-11 79.20 61(075.8) H-32 67810 2024-04-11 67810 2024-04-11 წიგნი 79 ლ. 20 თ.